<?xml version="1.0" encoding="UTF-8"?>
<record
    xmlns:xsi="http://www.w3.org/2001/XMLSchema-instance"
    xsi:schemaLocation="http://www.loc.gov/MARC21/slim http://www.loc.gov/standards/marcxml/schema/MARC21slim.xsd"
    xmlns="http://www.loc.gov/MARC21/slim">

  <leader>01005nam0a22002411  4500</leader>
  <controlfield tag="001">rc\278317</controlfield>
  <controlfield tag="005">20250621014243.0</controlfield>
  <datafield tag="035" ind1=" " ind2=" ">
    <subfield code="a">(NLR Aleph) 005505802</subfield>
  </datafield>
  <datafield tag="090" ind1=" " ind2=" ">
    <subfield code="a">5353649</subfield>
    <subfield code="c">5353649</subfield>
  </datafield>
  <datafield tag="100" ind1=" " ind2=" ">
    <subfield code="a">20030307d1990    |||y0rusy50      ca</subfield>
  </datafield>
  <datafield tag="101" ind1="0" ind2=" ">
    <subfield code="a">rus</subfield>
  </datafield>
  <datafield tag="102" ind1=" " ind2=" ">
    <subfield code="a">RU</subfield>
  </datafield>
  <datafield tag="105" ind1=" " ind2=" ">
    <subfield code="a">y   |||||||||</subfield>
  </datafield>
  <datafield tag="200" ind1="1" ind2=" ">
    <subfield code="a">&#x421;&#x442;&#x430;&#x43D;&#x434;&#x430;&#x440;&#x442;&#x438;&#x437;&#x430;&#x446;&#x438;&#x44F; &#x43D;&#x435;&#x43F;&#x440;&#x43E;&#x434;&#x43E;&#x432;&#x43E;&#x43B;&#x44C;&#x441;&#x442;&#x432;&#x435;&#x43D;&#x43D;&#x44B;&#x445; &#x442;&#x43E;&#x432;&#x430;&#x440;&#x43E;&#x432;</subfield>
    <subfield code="e">&#x41B;&#x435;&#x43A;&#x446;&#x438;&#x44F; &#x434;&#x43B;&#x44F; &#x441;&#x442;&#x443;&#x434;&#x435;&#x43D;&#x442;&#x43E;&#x432; &#x442;&#x43E;&#x432;&#x430;&#x440;&#x43E;&#x432;&#x435;&#x434;. &#x444;&#x430;&#x43A;. &#x43A;&#x43E;&#x43E;&#x43F;. &#x432;&#x443;&#x437;&#x43E;&#x432;</subfield>
    <subfield code="f">&#x426;&#x435;&#x43D;&#x442;&#x440;&#x43E;&#x441;&#x43E;&#x44E;&#x437; &#x421;&#x421;&#x421;&#x420;, &#x423;&#x447;&#x435;&#x431;.-&#x43D;&#x430;&#x443;&#x447;. &#x43A;&#x43E;&#x43C;&#x43F;&#x43B;&#x435;&#x43A;&#x441; &#x43F;&#x43E;&#x442;&#x440;&#x435;&#x431;. &#x43A;&#x43E;&#x43E;&#x43F;. "&#x41C;&#x43E;&#x441;&#x43A;. &#x43A;&#x43E;&#x43E;&#x43F;. &#x438;&#x43D;-&#x442;"</subfield>
  </datafield>
  <datafield tag="210" ind1=" " ind2=" ">
    <subfield code="a">&#x41C;.</subfield>
    <subfield code="c">&#x423;&#x447;&#x435;&#x431;.-&#x43D;&#x430;&#x443;&#x447;. &#x43A;&#x43E;&#x43C;&#x43F;&#x43B;&#x435;&#x43A;&#x441; &#x43F;&#x43E;&#x442;&#x440;&#x435;&#x431;. &#x43A;&#x43E;&#x43E;&#x43F;. "&#x41C;&#x43E;&#x441;&#x43A;. &#x43A;&#x43E;&#x43E;&#x43F;. &#x438;&#x43D;-&#x442;"</subfield>
    <subfield code="d">1990 (&#x432;&#x44B;&#x43F;. &#x434;&#x430;&#x43D;. 1991)</subfield>
  </datafield>
  <datafield tag="215" ind1=" " ind2=" ">
    <subfield code="a">48 &#x441;.</subfield>
    <subfield code="d">20</subfield>
  </datafield>
  <datafield tag="320" ind1=" " ind2=" ">
    <subfield code="a">&#x411;&#x438;&#x431;&#x43B;&#x438;&#x43E;&#x433;&#x440;.: &#x441;. 46</subfield>
  </datafield>
  <datafield tag="700" ind1=" " ind2="1">
    <subfield code="a">&#x41C;&#x438;&#x43A;&#x43B;&#x443;&#x448;&#x43E;&#x432;</subfield>
    <subfield code="b">&#x41C;.&#x41D;.</subfield>
    <subfield code="g">&#x41C;&#x438;&#x445;&#x430;&#x438;&#x43B; &#x41D;&#x438;&#x43A;&#x438;&#x442;&#x44C;&#x435;&#x432;&#x438;&#x447;</subfield>
  </datafield>
  <datafield tag="801" ind1=" " ind2="0">
    <subfield code="a">RU</subfield>
    <subfield code="b">NLR</subfield>
    <subfield code="g">psbo</subfield>
  </datafield>
  <datafield tag="801" ind1=" " ind2="1">
    <subfield code="a">RU</subfield>
    <subfield code="b">ELAR</subfield>
    <subfield code="2">rusmarc</subfield>
  </datafield>
  <datafield tag="852" ind1=" " ind2=" ">
    <subfield code="a">NLR</subfield>
    <subfield code="j">91-4/2304</subfield>
  </datafield>
  <datafield tag="942" ind1=" " ind2=" ">
    <subfield code="c">BOOK</subfield>
  </datafield>
  <datafield tag="980" ind1=" " ind2=" ">
    <subfield code="a">NB</subfield>
  </datafield>
  <datafield tag="995" ind1=" " ind2=" ">
    <subfield code="5">2013-10-26</subfield>
    <subfield code="b">NLR01</subfield>
    <subfield code="c">NLR01</subfield>
    <subfield code="e">RF9</subfield>
    <subfield code="f">5505802-10</subfield>
    <subfield code="k">91-4/2304</subfield>
    <subfield code="o">0</subfield>
    <subfield code="r">BOOK</subfield>
    <subfield code="s">9142304_</subfield>
  </datafield>
</record>
